Příčiny současné podnikové krize

Kríza ako určitý bod obratu, zavŕšenia a ukončenia stagnácie ako aj zmena v jednotlivých oblastiach podniku. Ekonomický pohľad na krízu. Vonkajšie príčiny krízy. Vnútorné príčiny krízy. Varovné signály krízy v účtovných výkazoch. Niektoré špecifiká pre Českú republiku. Odporúčania pre prax.

Enregistré dans:
Détails bibliographiques
Auteur principal: Hloušek, Jaroslav
Format: Chapitre de livre
Langue:tchèque
Sujets:
Tags: Ajouter un tag
Pas de tags, Soyez le premier à ajouter un tag!

MARC

LEADER 00000naa$a2200000$$$4500
001 0094936
005 20231213141156.9
041 0 |a cze 
044 |a CZ 
245 1 0 |a Příčiny současné podnikové krize  |c Jaroslav Hloušek 
520 |a Kríza ako určitý bod obratu, zavŕšenia a ukončenia stagnácie ako aj zmena v jednotlivých oblastiach podniku. Ekonomický pohľad na krízu. Vonkajšie príčiny krízy. Vnútorné príčiny krízy. Varovné signály krízy v účtovných výkazoch. Niektoré špecifiká pre Českú republiku. Odporúčania pre prax. 
610 2 0 |a kríza podniku 
610 2 0 |a stagnácia 
610 2 0 |a trh 
610 2 0 |a prostredie ekonomické 
610 2 0 |a konkurencieschopnosť 
610 2 0 |a výkazy účtovné 
610 2 0 |a manažment 
100 1 |a Hloušek, Jaroslav